Todo sobre la caligrafía : manual imprescindible para el artista /

Detalles Bibliográficos
Autor principal: Antú Serrano, Queralt (Autor, Editor)
Formato: Electrónico eBook
Lenguaje:español
Publicado: Barcelona : Parramón Paidotribo, [2017]
Edición:Tercera edición.
Materias:
Acceso en línea:Digitalia Hispánica

MARC

LEADER 00000nam a2200000Ii 4500
001 DIGPARPA0012
003 NyNyDIG
006 m o d
007 cr |||||||||||
008 250529s2017 sp a o 000 0 spa d
035 |a (OCoLC)1229956456 
040 |a DGITA  |b eng  |e rda  |e pn  |c DGITA 
020 |a 9788434242784  |q ePub 
020 |z 9788434233058 
050 1 4 |a Z43 ebook 
100 1 |a Antú Serrano, Queralt,  |e author,  |e editor. 
245 1 0 |a Todo sobre la caligrafía :  |b manual imprescindible para el artista /  |c textos y coordinación, Queral Antú Serrano.  
250 |a Tercera edición. 
264 1 |a Barcelona :  |b Parramón Paidotribo,  |c [2017] 
300 |a 1 online resource :  |b illustrations. 
336 |a text  |b txt  |2 rdacontent 
337 |a computer  |b c  |2 rdamedia 
338 |a online resource  |b cr  |2 rdacarrier 
347 |a text file  |2 rdaft 
347 |b EPUB 
500 |a Subtitle taken from cover. 
500 |a "Todo sobre la escritura, todo sobre los útiles, todo sobre los materiales, todo sobre los soportes, todo sobre los estilos, todo sobre las técnicas, todo sobre los trazos."--Cover 
588 0 |a Online resource; title from ePub title page (Digitalia, viewed May 29, 2025) 
650 0 |a Penmanship. 
791 2 |a Digitalia (Firm),  |e distributor. 
793 0 |g Digitalia eBook Collection:  |a Parramón Paidotribo 
776 0 8 |i Print version:  |a Antú Serrano, Queralt.  |t Todo sobre la caligrafía.  |b Tercera edición.  |d Barcelona : Parramón Paidotribo, [2017]  |z 9788434233058 
856 4 0 |3 Digitalia Hispánica  |u https://www.digitaliapublishing.com/a/159619/ 
910 |a Premium collection: 2025